000 01340 a2200277 4500
003 OSt
005 20260415105430.0
008 260316b |||||||| |||| 00| 0 eng d
020 _a8173090408 (खण्ड 1) (hbk)
020 _a8173090467 (खण्ड 2) (hbk)
037 _cREF
040 _aCRL
_cCRL
041 _2hin
_ahin
084 _aQ221 152P5.1-.2 (RR)
_qCRL
100 _aउपाध्याय, हरिभाऊ
_9862657
245 _aभागवत धर्म
260 _aनई दिल्ली, भारत:
_bसस्ता साहित्य मण्डल प्रकाशन,
_c2005.
300 _aखंड 1 (1-432पृ.), खंड 2 (1-352पृ.)
365 _bखण्ड 1- 130.00
_cINR
365 _bखण्ड 2 - 130.00
_cINR
650 _aधर्म
650 _aभागवत
_91132058
942 _cREF
_2CC
_hQ221 152P5.1-.2 (RR)
999 _c1467144
_d1467144